000 00368 a2200157 4500
001 72804
020 _a9788598553191
040 _cAnchieta - Colégio São Paulo
100 _aCedraz, Antônio Luiz Ramos
240 1 0 _aA lamparina mágica
_lpor
245 1 0 _aA lamparina mágica
300 _a[12]
362 0 _a2007
650 4 _aLiteratura infantil
942 _cBK
999 _c72804
_d72804